000 00235nam a2200097Ia 4500
001 1125911
005 20250827004807.0
008 250824s9999 xx 000 0 und d
245 0 _aDEVLET ANA
_cKEMAL TAHİR
260 _bKETEBE YAYINLARI
999 _c1125911
_d1125911